|
|
|
|
| LEADER |
00000nab a2200000 a 4500 |
| 001 |
vtls010130114 |
| 003 |
SK-MaSNL |
| 005 |
20260305030355.0 |
| 008 |
250708c2010 xo ||||||||||||00 b|slo |
| 015 |
|
|
|a SNBRB2010/09
|2 snkbucl
|
| 035 |
|
|
|a (uuid)99a5cac7-60f4-4e40-ab87-0139a164400c
|
| 035 |
|
|
|a urn:nbn:sk:snk-abf5vb
|
| 035 |
|
|
|a (urnnbn)urn:nbn:sk:snk:ar-007i3o
|
| 038 |
|
|
|a SNKBUCL
|
| 040 |
|
|
|a SNKBUCL
|b slo
|c SNKBUCL
|e AACR2
|
| 041 |
0 |
|
|a slo
|a eng
|
| 044 |
|
|
|a xo
|c SK
|
| 080 |
|
|
|a 625.111
|x (437.6)
|2 2001
|
| 080 |
|
|
|a 656.21
|2 2001
|
| 100 |
1 |
|
|a Nižňan, Jozef
|4 aut
|9 778735
|
| 245 |
1 |
0 |
|a Modernizácia úseku železničnej trate Trenčianska Teplá - Beluša
|c Jozef Nižňan
|
| 246 |
3 |
1 |
|a Modernization of railway section Trenčianska Teplá - Beluša
|
| 546 |
|
|
|a Res. angl.
|
| 650 |
0 |
7 |
|a železničné trate
|2 SNKPH
|9 4210
|
| 650 |
0 |
7 |
|a modernizácia
|2 snkbucl
|9 3613
|
| 651 |
|
7 |
|a Trenčianska Teplá - Beluša (Slovensko : železničná trať)
|2 snkbucl
|9 1607244
|
| 651 |
|
7 |
|a Trenčianska Teplá (Slovensko)
|2 snkbucl
|9 65474
|
| 651 |
|
7 |
|a Beluša (Slovensko)
|2 snkbucl
|9 16795
|
| 651 |
|
7 |
|a Trenčín (Slovensko : okres)
|2 snkbucl
|9 75018
|
| 651 |
|
7 |
|a Púchov (Slovensko : okres)
|2 snkbucl
|9 72748
|
| 655 |
|
7 |
|a štúdie
|2 SNKPH
|9 57033
|
| 773 |
0 |
|
|t Inžinierske stavby = Inženýrské stavby
|g Roč. 58, č. 4 (2010), s. 22-24
|x 1335-0846
|
| 850 |
|
|
|a Slovenská národná knižnica
|
| 852 |
|
|
|a Slovenská národná knižnica
|
| 954 |
|
|
|a odborná, vedecká literatúra pôvodná (slovenská)
|2 lita
|
| 958 |
|
|
|a article2022
|
| 958 |
|
|
|a SK
|
| 958 |
|
|
|a OND
|
| 958 |
|
|
|a EUIPO
|
| 999 |
|
|
|c 3311138
|d 3313068
|